Catálogo
 En Linea
Vista normal Vista MARC

Entrada Nombre geográfico

Número de registros utilizados en: 1

001 - NÚMERO DE CONTROL

  • campo de control: 81383

003 - IDENTIFICADOR DEL NÚMERO DE CONTROL

  • campo de control: DO-SdBNP

005 - FECHA Y HORA DE LA ÚLTIMA TRANSACCIÓN

  • campo de control: 20220328131710.0

008 - DATOS DE LONGITUD FIJA

  • campo de control de longitud fija: 220328|| aca||aabn | a|a d

040 ## - FUENTE DE LA CATALOGACIÓN

  • Centro catalogador/agencia de origen: DO-SdBNP
  • Centro/agencia transcriptor: DO-SdBNP

151 ## - ENCABEZAMIENTO--NOMBRE GEOGRÁFICO

  • Nombre geográfico: República dominicana
  • Subdivisión de forma: Estadísticas
  • Subdivisión cronológica: 2008

670 ## - FUENTE DE DATOS ENCONTRADOS

  • Cita de la fuente: Work cat.: (DO-SdBNP)38047: República Dominicana Secretaría de Estado de Economía, Planificación y Desarrollo Oficina Nacional de Estadística 34693, Encuesta nacional de hogares de propósitos múltiples (ENHOGAR 2008) :, 2011.

Con tecnología Koha